00490 2200169 4500001002100000005001500021035002000036245003100056100002300087250001200110300005000122260003000172082001000202084001600212020001800228600007400246INLIS00000000000012620240429105435 a0010-04240001031 aPratikum sistem Perkemihan0 aIka Yuni widyawati aPertama a92 :btidak berwarna ;c19 X 26 cmetidak ada aJakarta :bSalemba Medika a616.6 a616.6 IKA p a9786021163511 4aKesehatan, pendidikan, kedokteran, keperawatan, kebidanan, perkemihan